| 000 | 00477nam a2200181Ia 4500 | ||
|---|---|---|---|
| 005 | 20250507125805.0 | ||
| 008 | 008 250505s9999 xx 000 0 kor d | ||
| 020 | _a8809104052654 | ||
| 037 | _aAudio | ||
| 040 |
_aEASL _beng _cEASL |
||
| 041 |
_akor _2eng |
||
| 084 |
_aCD00173-178 _qEASL |
||
| 245 | 0 | _aHanguk jeontong munhwa bakmulguan = Korea Mueseum | |
| 490 | _vV. 3 | ||
| 650 | _aKorean | ||
| 942 |
_cAUD _hCD00173-178 |
||
| 999 |
_c1313158 _d1313158 |
||